[Event "Sardinia World Festival-A 2024"]
[Site "Orosei"]
[Date "2024.05.02"]
[Round "7.9"]
[White "Velten, Paul"]
[Black "Lodici, Lorenzo"]
[Result "0-1"]
[WhiteElo "2481"]
[BlackElo "2565"]
[Annotator "TA"]
[PlyCount "110"]
[EventDate "2024.04.26"]
[EventType "swiss"]
[EventCountry "ITA"]
[SourceTitle "playchess.com"]
[Source "ChessBase"]
[SourceQuality "1"]

1. e4 c5 2. Nf3 e6 3. d4 cxd4 4. Nxd4 Nc6 5. Nc3 a6 6. Be3 Nf6 7. Qf3 d6 8. h3 Bd7 9. g4 Nxd4 10. Bxd4 Bc6 11. g5 Nd7 12. h4 b5 13. a3 Qa5 14. b4 Qc7 15. Bd3 Bb7 16. Ne2 Nb6 17. Qg3 Nc4 18. a4 e5 19. Bc3 bxa4 20. Rxa4 Qc6 21. Ra1 Be7 22. O-O h6 23. f4 hxg5 24. fxg5 d5 25. Rf5 f6 26. exd5 Qxd5 27. gxf6 gxf6 28. Nf4 Qg8 29. Ng6 Nd6 30. Rxe5 fxe5 31. Bxe5 Ne4 32. Bxe4 Bxe4 33. Nxh8 Qd5 34. Rf1 Bxb4 35. Nf7 Bc5+ 36. Kh2 Qd2+ 37. Kh3 Qd7+ 38. Kh2 Qd2+ 39. Kh3 Qxc2 40. Qg8+ Kd7 41. Qg4+ Kc6 42. Rf6+ Kb5 43. Qg5 Ka4 44. h5 Be7 45. Qe3 Bxf6 46. Qd4+ Kb5 47. Nd6+ Kc6 48. Nxe4 Rd8 49. Qa7 Bxe5 50. Qxa6+ Kd5 51. Qb7+ Qc6 52. Qb4 Qe6+ 53. Kh4 Bf6+ 54. Kg3 Qxe4 55. Qb7+ Ke5 0-1

[Event "Sardinia World Festival-A 2024"]
[Site "Orosei"]
[Date "2024.05.02"]
[Round "7.10"]
[White "Costa, Leonardo"]
[Black "Sivuk, Vitaly"]
[Result "0-1"]
[WhiteElo "2476"]
[BlackElo "2551"]
[Annotator "TA"]
[PlyCount "98"]
[EventDate "2024.04.26"]
[EventType "swiss"]
[EventCountry "ITA"]
[SourceTitle "playchess.com"]
[Source "ChessBase"]
[SourceQuality "1"]

1. e4 c6 2. d4 d5 3. e5 Bf5 4. Nf3 e6 5. Be2 h6 6. O-O Ne7 7. c3 Nd7 8. Na3 a6 9. Nc2 Qc7 10. Re1 Bg6 11. a4 c5 12. dxc5 Nxc5 13. Ncd4 Nc6 14. h3 Be7 15. Bf4 O-O 16. a5 Rfd8 17. Bf1 Rac8 18. Nxc6 bxc6 19. b4 Ne4 20. Bxa6 Ra8 21. Bf1 c5 22. Qc1 cxb4 23. cxb4 Qxc1 24. Rexc1 Bxb4 25. a6 d4 26. Rd1 Bc3 27. Ra3 Nc5 28. Bd2 Bxd2 29. Nxd2 Bc2 30. Rda1 Ra7 31. f3 g5 32. Ra5 Rd5 33. Rb5 d3 34. Rba5 Rxe5 35. Nc4 Rd5 36. Ne3 Nb3 37. Rxd5 exd5 38. Ra2 Nc1 39. Rb2 d4 40. Nc4 Rxa6 41. Nd2 Ne2+ 42. Kf2 Nf4 43. g3 Ne6 44. Rb4 Ra2 45. f4 gxf4 46. gxf4 Ra5 47. Kg3 Rf5 48. Bg2 Nxf4 49. Be4 Ne2+ 0-1

[Event "Sardinia World Festival-A 2024"]
[Site "Orosei"]
[Date "2024.05.02"]
[Round "7.11"]
[White "Kanov, Nikola"]
[Black "Sjugirov, Sanan"]
[Result "0-1"]
[WhiteElo "2423"]
[BlackElo "2689"]
[Annotator "TA"]
[PlyCount "74"]
[EventDate "2024.04.26"]
[EventType "swiss"]
[EventCountry "ITA"]
[SourceTitle "playchess.com"]
[Source "ChessBase"]
[SourceQuality "1"]

1. e4 c5 2. Nf3 d6 3. d4 cxd4 4. Nxd4 Nf6 5. Nc3 a6 6. Be3 e5 7. Nb3 Be6 8. h3 Nbd7 9. Qd3 Rc8 10. O-O-O Be7 11. Kb1 b5 12. g4 h6 13. Nd5 Bxd5 14. exd5 Nb6 15. Bg2 Nc4 16. Bc1 O-O 17. f4 Nd7 18. h4 exf4 19. g5 Nde5 20. Qh3 h5 21. Bxf4 Qc7 22. Nd4 Rfe8 23. Rhe1 Bf8 24. Bc1 g6 25. b3 Qb6 26. Nc6 Bg7 27. Ne7+ Rxe7 28. Qxc8+ Kh7 29. Bf1 Rc7 30. Qh3 a5 31. c3 b4 32. bxc4 bxc3+ 33. Kc2 Nxc4 34. Bxc4 Rxc4 35. Kd3 c2 36. Kxc4 Qb4+ 37. Kd3 cxd1=Q+ 0-1

[Event "Sardinia World Festival-A 2024"]
[Site "Orosei"]
[Date "2024.05.02"]
[Round "7.12"]
[White "Levin, Guy"]
[Black "Lagarde, Maxime"]
[Result "0-1"]
[WhiteElo "2451"]
[BlackElo "2640"]
[Annotator "TA"]
[PlyCount "78"]
[EventDate "2024.04.26"]
[EventType "swiss"]
[EventCountry "ITA"]
[SourceTitle "playchess.com"]
[Source "ChessBase"]
[SourceQuality "1"]

1. c4 Nf6 2. Nc3 g6 3. g3 Bg7 4. Bg2 O-O 5. Nf3 Nc6 6. O-O d5 7. cxd5 Nxd5 8. d4 Nb6 9. e3 a5 10. Na4 Nxa4 11. Qxa4 e5 12. Nxe5 Nxe5 13. dxe5 Bxe5 14. Qc2 a4 15. Bd2 Qf6 16. Bc3 a3 17. Bxe5 Qxe5 18. bxa3 Rxa3 19. Rab1 b6 20. Rfc1 Ra7 21. Qc3 Qe7 22. a4 Rd8 23. Rb4 Be6 24. h4 h5 25. Rd4 c5 26. Rxd8+ Qxd8 27. Bc6 Qd6 28. Bb5 Ra8 29. Qf6 Qd2 30. Qc3 Rd8 31. Qxd2 Rxd2 32. Kf1 Kf8 33. Ke1 Rb2 34. Bd3 Ke7 35. a5 bxa5 36. Rxc5 a4 37. Ra5 Ra2 38. Kd1 Rxf2 39. Bc2 Bb3 0-1

[Event "Sardinia World Festival-A 2024"]
[Site "Orosei"]
[Date "2024.05.02"]
[Round "7.13"]
[White "Haldorsen, Benjamin"]
[Black "Huschenbeth, Niclas"]
[Result "1-0"]
[WhiteElo "2419"]
[BlackElo "2607"]
[Annotator "TA"]
[PlyCount "67"]
[EventDate "2024.04.26"]
[EventType "swiss"]
[EventCountry "ITA"]
[SourceTitle "playchess.com"]
[Source "ChessBase"]
[SourceQuality "1"]

1. e4 c5 2. Nf3 d6 3. d4 cxd4 4. Nxd4 Nf6 5. Nc3 a6 6. Bg5 Nbd7 7. Be3 e6 8. g4 h6 9. h4 Qc7 10. Rg1 Nc5 11. f3 g6 12. g5 hxg5 13. hxg5 Nh5 14. Qd2 b5 15. a3 Na4 16. Nxa4 bxa4 17. O-O-O Rb8 18. Ne2 e5 19. Nc3 Qb7 20. Nxa4 Be7 21. Qc3 O-O 22. Nb6 Nf4 23. Nc4 Be6 24. Na5 Qd7 25. Nc6 Rbc8 26. Nxe7+ Qxe7 27. Qb4 Rc6 28. Bxf4 exf4 29. Qd4 Bb3 30. Rd2 Rfc8 31. c3 d5 32. Bd3 dxe4 33. Rh1 f6 34. Bxe4 1-0

[Event "Sardinia World Festival-A 2024"]
[Site "Orosei"]
[Date "2024.05.02"]
[Round "7.14"]
[White "Sonis, Francesco"]
[Black "Lumachi, Gabriele"]
[Result "1-0"]
[WhiteElo "2562"]
[BlackElo "2413"]
[Annotator "TA"]
[PlyCount "81"]
[EventDate "2024.04.26"]
[EventType "swiss"]
[EventCountry "ITA"]
[SourceTitle "playchess.com"]
[Source "ChessBase"]
[SourceQuality "1"]

1. Nf3 d5 2. g3 Bg4 3. Bg2 Nd7 4. h3 Bxf3 5. exf3 e5 6. d3 Bd6 7. O-O Ne7 8. Nc3 c6 9. Ne2 O-O 10. f4 Re8 11. fxe5 Nxe5 12. Nd4 Qd7 13. Qh5 N5g6 14. Be3 c5 15. Nb3 Rac8 16. Rae1 b6 17. Bc1 c4 18. dxc4 dxc4 19. Nd2 c3 20. bxc3 Qf5 21. Qxf5 Nxf5 22. Bd5 Bc5 23. Rxe8+ Rxe8 24. Ne4 Bf8 25. Kg2 Nd6 26. Ng5 h6 27. Nf3 Rc8 28. Rd1 Rxc3 29. Bb3 Rc7 30. h4 h5 31. Rd5 Rc5 32. Rd4 Rc7 33. Ng5 b5 34. a4 a6 35. axb5 axb5 36. Rd5 Rb7 37. Nf3 Ne4 38. Rxh5 Nf6 39. Rg5 Ne7 40. Ne5 Ned5 41. Nxf7 1-0

[Event "Sardinia World Festival-A 2024"]
[Site "Orosei"]
[Date "2024.05.02"]
[Round "7.15"]
[White "Erdogmus, Yagiz Kaan"]
[Black "Vantika Agrawal"]
[Result "1-0"]
[WhiteElo "2540"]
[BlackElo "2398"]
[Annotator "TA"]
[PlyCount "119"]
[EventDate "2024.04.26"]
[EventType "swiss"]
[EventCountry "ITA"]
[SourceTitle "playchess.com"]
[Source "ChessBase"]
[SourceQuality "1"]

1. e4 c5 2. Nf3 e6 3. d4 cxd4 4. Nxd4 Nf6 5. Nc3 Nc6 6. Nxc6 bxc6 7. e5 Nd5 8. Ne4 Qc7 9. f4 Qb6 10. c4 Ne3 11. Qd3 Bb4+ 12. Bd2 Ba6 13. b3 O-O 14. Rc1 Nd5 15. g3 f6 16. exf6 Nxf6 17. Bxb4 Qxb4+ 18. Qc3 Qe7 19. Nxf6+ Rxf6 20. Bh3 Qc5 21. b4 Qh5 22. Bg2 e5 23. O-O exf4 24. Rxf4 Rxf4 25. gxf4 Re8 26. Qd4 Qe2 27. a4 Bb7 28. c5 Ba6 29. Qf2 Qxf2+ 30. Kxf2 Re2+ 31. Kg1 Rb2 32. Rd1 Rxb4 33. Rxd7 Rxa4 34. Bxc6 Rxf4 35. Bd5+ Kf8 36. c6 Rd4 37. c7 Ke8 38. Rd6 Rd1+ 39. Kf2 Rc1 40. Rxa6 Rxc7 41. Kg3 Ke7 42. Kf4 Rc2 43. h3 Rc3 44. Rxa7+ Kf6 45. Ra6+ Ke7 46. h4 Rh3 47. Kg4 Rd3 48. Be4 Rd4 49. Kf4 h6 50. h5 Rd7 51. Ke5 Rd8 52. Ra7+ Kf8 53. Bd5 Re8+ 54. Be6 Rb8 55. Rf7+ Ke8 56. Rxg7 Rb5+ 57. Kf6 Kd8 58. Rd7+ Ke8 59. Rc7 Rb8 60. Rh7 1-0

[Event "Sardinia World Festival-A 2024"]
[Site "Orosei"]
[Date "2024.05.02"]
[Round "7.16"]
[White "Girel, Joseph"]
[Black "Vergara Anton, Diego"]
[Result "0-1"]
[WhiteElo "2479"]
[BlackElo "2387"]
[Annotator "TA"]
[PlyCount "116"]
[EventDate "2024.04.26"]
[EventType "swiss"]
[EventCountry "ITA"]
[SourceTitle "playchess.com"]
[Source "ChessBase"]
[SourceQuality "1"]

1. e4 e6 2. d4 d5 3. e5 c5 4. c3 Nc6 5. Nf3 Bd7 6. Be2 Qb6 7. O-O Nge7 8. Na3 cxd4 9. cxd4 Nf5 10. Nc2 Be7 11. Bd3 Nb4 12. Nxb4 Bxb4 13. Kh1 Be7 14. Bc2 Bb5 15. Rg1 Qa6 16. Re1 Rc8 17. a4 Bd7 18. g4 Nh4 19. Nxh4 Bxh4 20. Be3 Be7 21. f4 g6 22. Rg1 Qb6 23. Rg2 Rc6 24. Bd3 Qc7 25. Qf3 Kd8 26. f5 Kc8 27. Bb5 Rc4 28. Bxc4 dxc4 29. d5 Qxe5 30. Rd2 Rd8 31. Bf4 Qf6 32. Bg3 g5 33. Qe3 exd5 34. Qxa7 Bd6 35. Qa8+ Kc7 36. Qa5+ Kc8 37. Qc3 d4 38. Qxc4+ Bc6+ 39. Kg1 Bxg3 40. hxg3 Qe5 41. Qd3 Qd5 42. Rh2 Re8 43. Rd1 Re4 44. b4 Qe5 45. Rg2 Rxg4 46. Rc1 Kd7 47. b5 Bxg2 48. Kxg2 h5 49. Qf3 Re4 50. Qxh5 Qd5 51. Kg1 d3 52. Qh8 d2 53. Qc8+ Ke7 54. f6+ Kxf6 55. Qh8+ Kg6 56. Qg8+ Kh5 57. Qh7+ Kg4 58. Rf1 d1=Q 0-1

[Event "Sardinia World Festival-A 2024"]
[Site "Orosei"]
[Date "2024.05.02"]
[Round "7.17"]
[White "Agmanov, Zhandos"]
[Black "Ibrayev, Nurlan"]
[Result "1/2-1/2"]
[WhiteElo "2458"]
[BlackElo "2368"]
[Annotator "TA"]
[PlyCount "158"]
[EventDate "2024.04.26"]
[EventType "swiss"]
[EventCountry "ITA"]
[SourceTitle "playchess.com"]
[Source "ChessBase"]
[SourceQuality "1"]

1. e4 e5 2. Nf3 Nc6 3. d4 exd4 4. Nxd4 Bc5 5. Nb3 Bb6 6. Nc3 Nf6 7. Qe2 O-O 8. Bg5 h6 9. Bh4 Nd4 10. Qd3 c5 11. Nxd4 cxd4 12. Bxf6 Qxf6 13. Nd5 Qd6 14. O-O-O Bc5 15. g3 b6 16. Bg2 Bb7 17. Nf4 Rfe8 18. e5 Qb8 19. Bxb7 Qxb7 20. Rhe1 Re7 21. Qd2 a5 22. Nd3 Rae8 23. f4 d6 24. Kb1 dxe5 25. fxe5 Re6 26. Rf1 Bf8 27. Rf4 g6 28. Rdf1 R8e7 29. Rxd4 Bg7 30. a3 Kh7 31. Rh4 Qd5 32. Qc1 Rc6 33. Rhf4 Rec7 34. R4f2 Kg8 35. Qe3 b5 36. Re2 Re7 37. Rfe1 Rce6 38. Nf4 Qxe5 39. Qc1 Qxe2 40. Rxe2 Rxe2 41. Nxe2 Rxe2 42. Qh1 b4 43. axb4 axb4 44. Qb7 Bf8 45. h3 h5 46. Qf3 Re6 47. Ka2 Ra6+ 48. Kb3 Re6 49. Qf2 Re5 50. g4 hxg4 51. hxg4 Rc5 52. Qf3 Rc7 53. Qd5 Rc5 54. Qd7 Re5 55. Kc4 Re4+ 56. Kd3 Re6 57. Qb5 Rd6+ 58. Kc4 Rd2 59. Kb3 Rd4 60. Qg5 Rd6 61. Qb5 Rd4 62. Qe2 Rd6 63. Qe4 Re6 64. Qc4 Re3+ 65. Ka4 Re8 66. Qc6 Re6 67. Qd5 Rd6 68. Qc4 Rd8 69. Qe4 Rc8 70. Kb3 Rc7 71. Qf3 Rc5 72. Qb7 Re5 73. c3 Re3 74. Kc2 bxc3 75. b4 Bg7 76. Qb8+ Kh7 77. Qh2+ Kg8 78. Qb8+ Kh7 79. Qh2+ Kg8 1/2-1/2

[Event "Sardinia World Festival-A 2024"]
[Site "Orosei"]
[Date "2024.05.02"]
[Round "7.18"]
[White "Lewtak, Damian"]
[Black "Bronstein, Or"]
[Result "1-0"]
[WhiteElo "2343"]
[BlackElo "2458"]
[Annotator "TA"]
[PlyCount "81"]
[EventDate "2024.04.26"]
[EventType "swiss"]
[EventCountry "ITA"]
[SourceTitle "playchess.com"]
[Source "ChessBase"]
[SourceQuality "1"]

1. e4 c5 2. Nf3 d6 3. Bb5+ Nc6 4. O-O Bd7 5. c3 Nf6 6. Re1 a6 7. Bxc6 Bxc6 8. d4 Bxe4 9. Bg5 Bc6 10. Bxf6 gxf6 11. d5 Bd7 12. Nbd2 Qc7 13. Ne4 O-O-O 14. b4 f5 15. Neg5 Be8 16. Qd3 h6 17. Nxf7 Bxf7 18. Qxf5+ e6 19. dxe6 Bxe6 20. Rxe6 Kb8 21. Rb1 Rc8 22. b5 axb5 23. Rxb5 Bg7 24. c4 Rhe8 25. Qd5 Rxe6 26. Qxe6 Qc6 27. h4 Rd8 28. Rb1 Qd7 29. Qd5 Re8 30. Rb6 Bf8 31. a4 Re2 32. a5 Ka7 33. Rb1 Qh7 34. Rb3 Ra2 35. g3 Rxa5 36. Nd4 Ra1+ 37. Kg2 Qe7 38. Nb5+ Kb8 39. Nxd6 Ra7 40. Nb5 Ra2 41. Re3 1-0

[Event "Sardinia World Festival-A 2024"]
[Site "Orosei"]
[Date "2024.05.02"]
[Round "7.19"]
[White "Mikhalevski, Victor"]
[Black "Bellia, Fabrizio"]
[Result "0-1"]
[WhiteElo "2506"]
[BlackElo "2384"]
[Annotator "TA"]
[PlyCount "80"]
[EventDate "2024.04.26"]
[EventType "swiss"]
[EventCountry "ITA"]
[SourceTitle "playchess.com"]
[Source "ChessBase"]
[SourceQuality "1"]

1. c4 e6 2. Nf3 d5 3. b3 Nf6 4. g3 d4 5. Bg2 c5 6. e3 Nc6 7. O-O Bd6 8. exd4 cxd4 9. d3 O-O 10. Bg5 h6 11. Bxf6 Qxf6 12. Nbd2 Qe7 13. Ne4 Bb4 14. Qe2 f5 15. Ned2 Bd7 16. a3 Bxa3 17. Ne5 Nxe5 18. Qxe5 Bb4 19. Rfd1 Bc6 20. Bxc6 bxc6 21. Ra6 Bd6 22. Qxd4 e5 23. Qh4 Qb7 24. Rda1 Bb4 25. Nf3 Bc3 26. R1a2 Rf7 27. Qh5 Qd7 28. Nh4 f4 29. Nf3 fxg3 30. hxg3 Qxd3 31. Kg2 Raf8 32. Nh4 Bd2 33. f3 Qe2+ 34. Kh3 Qf1+ 35. Kh2 Qf2+ 36. Kh3 e4 37. f4 Qf1+ 38. Kh2 Rxf4 39. Ng2 Rf2 40. Qh3 Rxg2+ 0-1

[Event "Sardinia World Festival-A 2024"]
[Site "Orosei"]
[Date "2024.05.02"]
[Round "7.20"]
[White "Samunenkov, Ihor"]
[Black "Ezra Paul Chambers"]
[Result "0-1"]
[WhiteElo "2548"]
[BlackElo "2343"]
[Annotator "TA"]
[PlyCount "100"]
[EventDate "2024.04.26"]
[EventType "swiss"]
[EventCountry "ITA"]
[SourceTitle "playchess.com"]
[Source "ChessBase"]
[SourceQuality "1"]

1. d4 d5 2. c4 c6 3. Nf3 Nf6 4. g3 Bf5 5. Nc3 e6 6. Nh4 dxc4 7. Nxf5 exf5 8. e3 Nbd7 9. Bxc4 Nb6 10. Bb3 Qd7 11. f3 h5 12. Bd2 h4 13. gxh4 Rxh4 14. Qc2 O-O-O 15. O-O-O Rh3 16. Rdf1 Bb4 17. a3 Bxc3 18. bxc3 Kb8 19. Be1 Qe7 20. Bg3+ Ka8 21. Kb2 c5 22. Re1 c4 23. Ba2 Rd5 24. Kc1 Ra5 25. Kd2 Rxa3 26. Bb1 g6 27. Ke2 Nfd5 28. Kf2 Nxc3 29. Qc1 Nxb1 30. Qxb1 Rh8 31. e4 fxe4 32. Rxe4 Qd7 33. d5 Qf5 34. Rhe1 Rc8 35. d6 Rxf3+ 36. Kg1 Rd3 37. Re5 Qd7 38. Re7 Qc6 39. Rc7 Rxc7 40. dxc7 Nc8 41. Qb4 b6 42. Qf8 Kb7 43. Qd8 Qc5+ 44. Kf1 Qf5+ 45. Kg1 f6 46. Rf1 Qc5+ 47. Kg2 f5 48. Kh3 b5 49. Qf6 Qc6 50. Qe5 a6 0-1

[Event "Sardinia World Festival-A 2024"]
[Site "Orosei"]
[Date "2024.05.02"]
[Round "7.21"]
[White "Assylov, Miras"]
[Black "Rozen, Eytan"]
[Result "0-1"]
[WhiteElo "2342"]
[BlackElo "2499"]
[Annotator "TA"]
[PlyCount "148"]
[EventDate "2024.04.26"]
[EventType "swiss"]
[EventCountry "ITA"]
[SourceTitle "playchess.com"]
[Source "ChessBase"]
[SourceQuality "1"]

1. e4 c5 2. Nf3 d6 3. d4 cxd4 4. Nxd4 Nf6 5. Nc3 a6 6. h3 e5 7. Nb3 Be6 8. f4 b5 9. f5 Bc8 10. Bg5 Bb7 11. Qf3 Nbd7 12. O-O-O Be7 13. a3 Rc8 14. Bd2 Nb6 15. Bd3 Nc4 16. Be1 Qb6 17. Bf2 Qc7 18. Nd5 Bxd5 19. exd5 Nb6 20. Bxb6 Qxb6 21. Kb1 a5 22. Nd2 Nd7 23. Ne4 Qb7 24. g4 f6 25. h4 Nc5 26. Nxc5 Rxc5 27. g5 O-O 28. Rhg1 Kh8 29. Be4 Qd7 30. b3 a4 31. b4 Rc4 32. c3 Rfc8 33. Rd3 Bd8 34. Kb2 Bb6 35. Re1 Qe7 36. Qg3 Bd8 37. g6 h6 38. Qf3 Bb6 39. Re2 Qc7 40. Rc2 Bd4 41. h5 Kg8 42. Qg3 Kf8 43. Qh3 Bg1 44. Qf3 Ke7 45. Rc1 Qb6 46. Re1 Bf2 47. Re2 Bh4 48. Qg2 Bg5 49. Qg3 Bf4 50. Qg2 Rxc3 51. Rxc3 Rxc3 52. Kxc3 Qd4+ 53. Kc2 Qa1 54. Rd2 Qxa3 55. Kd1 Qa1+ 56. Ke2 Bxd2 57. Qf2 Ke8 58. Kxd2 Qb2+ 59. Ke3 Qxb4 60. Qc2 Qc5+ 61. Kd2 Kd7 62. Qc3 b4 63. Qd3 a3 64. Qa6 Kc7 65. Ke2 b3 66. Bd3 a2 67. Bc4 a1=Q 68. Qxa1 Qxc4+ 69. Kf3 Qxd5+ 70. Kg3 Qd3+ 71. Kg2 Qd2+ 72. Kh3 Qe3+ 73. Kh2 Qf2+ 74. Kh1 Qh4+ 0-1

[Event "Sardinia World Festival-A 2024"]
[Site "Orosei"]
[Date "2024.05.02"]
[Round "7.22"]
[White "Royal, Shreyas"]
[Black "Lohia, Sohum"]
[Result "1-0"]
[WhiteElo "2455"]
[BlackElo "2316"]
[Annotator "TA"]
[PlyCount "119"]
[EventDate "2024.04.26"]
[EventType "swiss"]
[EventCountry "ITA"]
[SourceTitle "playchess.com"]
[Source "ChessBase"]
[SourceQuality "1"]

1. d4 Nf6 2. c4 e6 3. Nf3 d5 4. Nc3 dxc4 5. e4 b5 6. e5 Nd5 7. Nxb5 Nb6 8. Be2 Nc6 9. Be3 Be7 10. a3 Qd7 11. Nc3 Bb7 12. Qc2 f5 13. exf6 gxf6 14. Ne4 Na5 15. Nc5 Bxc5 16. dxc5 Qa4 17. Rc1 Qxc2 18. Rxc2 Na4 19. Bd2 Be4 20. Rc1 c3 21. Bxc3 Nb3 22. Bxf6 Nxc1 23. Bxh8 Nxc5 24. Bd4 N1d3+ 25. Kd2 O-O-O 26. Ke3 Bxf3 27. gxf3 e5 28. Bxc5 Nxc5 29. Rd1 Rxd1 30. Bxd1 Kd7 31. Bc2 h6 32. b4 Nb7 33. f4 Ke6 34. fxe5 Kxe5 35. f4+ Kd6 36. Ke4 c5 37. Kf5 cxb4 38. axb4 a5 39. bxa5 Nxa5 40. Kg6 Nc4 41. f5 h5 42. Kxh5 Ke7 43. Kg5 Kf8 44. Bb3 Ne5 45. Bd5 Kg7 46. h4 Nd7 47. h5 Kh8 48. Bf7 Nf8 49. h6 Nh7+ 50. Kg6 Nf8+ 51. Kf6 Nd7+ 52. Ke7 Ne5 53. Bh5 Kh7 54. f6 Kxh6 55. Kd6 Nc4+ 56. Ke6 Ne3 57. Bf3 Kh7 58. Be4+ Kg8 59. Ke7 Kh8 60. f7 1-0

[Event "Sardinia World Festival-A 2024"]
[Site "Orosei"]
[Date "2024.05.02"]
[Round "7.23"]
[White "Fromm, Marius"]
[Black "Hercegovac, Neven"]
[Result "0-1"]
[WhiteElo "2454"]
[BlackElo "2344"]
[Annotator "TA"]
[PlyCount "72"]
[EventDate "2024.04.26"]
[EventType "swiss"]
[EventCountry "ITA"]
[SourceTitle "playchess.com"]
[Source "ChessBase"]
[SourceQuality "1"]

1. e4 c5 2. Nf3 Nc6 3. Bb5 g6 4. Bxc6 bxc6 5. O-O Bg7 6. Re1 Qc7 7. d3 e5 8. c3 Nf6 9. d4 cxd4 10. cxd4 exd4 11. Nxd4 O-O 12. Nc3 Re8 13. Bg5 Bb7 14. Rc1 d6 15. Bxf6 Bxf6 16. Nd5 Qd8 17. Nxc6 Bxc6 18. Rxc6 Bxb2 19. Rc2 Rb8 20. Rxb2 Rxb2 21. Qd4 Rb5 22. Nf6+ Kf8 23. Nxh7+ Ke7 24. e5 Rxe5 25. Rb1 Qb6 26. Qd3 Kd8 27. Kf1 Qb4 28. Qd1 Qc4+ 29. Kg1 Re1+ 30. Qxe1 Rxe1+ 31. Rxe1 Qh4 32. Nf8 Qh8 33. Rb1 Qh6 34. f4 Ke7 35. Rb8 Qxf4 36. h3 Qc1+ 0-1

[Event "Sardinia World Festival-A 2024"]
[Site "Orosei"]
[Date "2024.05.02"]
[Round "7.24"]
[White "Ben Ari, Yannay"]
[Black "Bettalli, Francesco"]
[Result "1/2-1/2"]
[WhiteElo "2436"]
[BlackElo "2309"]
[Annotator "TA"]
[PlyCount "74"]
[EventDate "2024.04.26"]
[EventType "swiss"]
[EventCountry "ITA"]
[SourceTitle "playchess.com"]
[Source "ChessBase"]
[SourceQuality "1"]

1. c4 c5 2. Nf3 g6 3. e4 Nc6 4. d4 cxd4 5. Nxd4 Nf6 6. Nc3 d6 7. Be2 Nxd4 8. Qxd4 Bg7 9. O-O O-O 10. Qd3 a5 11. Be3 a4 12. h3 Qa5 13. Bd4 Be6 14. Rfe1 Nd7 15. Nd5 Bxd5 16. exd5 Bxd4 17. Qxd4 Qc5 18. Qh4 Rfe8 19. Bf1 Nf6 20. Rad1 Kg7 21. Qf4 b6 22. Rd3 Qb4 23. Qc1 Ra7 24. a3 Qc5 25. Rf3 Nd7 26. Qf4 f6 27. h4 Ne5 28. Rg3 Rg8 29. h5 g5 30. Qf5 Qc8 31. Qe4 h6 32. f4 Nf7 33. Bd3 Kf8 34. Kh2 Rh8 35. Qg6 Rg8 36. Qe4 Rh8 37. Qg6 Rg8 1/2-1/2

[Event "Sardinia World Festival-A 2024"]
[Site "Orosei"]
[Date "2024.05.02"]
[Round "7.25"]
[White "Papadiamandis, Elliot"]
[Black "Trost, Edvin"]
[Result "1-0"]
[WhiteElo "2312"]
[BlackElo "2434"]
[Annotator "TA"]
[PlyCount "71"]
[EventDate "2024.04.26"]
[EventType "swiss"]
[EventCountry "ITA"]
[SourceTitle "playchess.com"]
[Source "ChessBase"]
[SourceQuality "1"]

1. e4 c6 2. Nc3 d5 3. Nf3 dxe4 4. Nxe4 Nf6 5. Qe2 Na6 6. Nxf6+ gxf6 7. g3 Nb4 8. d3 Bg4 9. Bg2 Qd5 10. Kd1 e5 11. a3 Na6 12. h3 Be6 13. Ke1 Bg7 14. Kf1 Qd7 15. Kg1 O-O 16. Kh2 Rfe8 17. Re1 Nc7 18. Nh4 f5 19. Qh5 Nd5 20. Bh6 Bf6 21. g4 Nf4 22. Bxf4 exf4 23. gxf5 Bd5 24. Rg1 Kh8 25. Bxd5 Qxd5 26. Qh6 Qd4 27. Nf3 Bg7 28. Qh5 Qf6 29. Ng5 h6 30. Nxf7+ Kh7 31. Ng5+ Kh8 32. Ne4 Qe5 33. Rg6 f3+ 34. Kh1 Re7 35. Rag1 Rg8 36. Nf6 1-0

[Event "Sardinia World Festival-A 2024"]
[Site "Orosei"]
[Date "2024.05.02"]
[Round "7.26"]
[White "Degraeve, Remy"]
[Black "Dalaud, Dorian"]
[Result "1-0"]
[WhiteElo "2432"]
[BlackElo "2307"]
[Annotator "TA"]
[PlyCount "69"]
[EventDate "2024.04.26"]
[EventType "swiss"]
[EventCountry "ITA"]
[SourceTitle "playchess.com"]
[Source "ChessBase"]
[SourceQuality "1"]

1. d4 Nf6 2. c4 e6 3. Nf3 d5 4. g3 Nc6 5. Nbd2 dxc4 6. Nxc4 b5 7. Ne3 Bb4+ 8. Bd2 Be7 9. Bg2 Rb8 10. Nc2 O-O 11. O-O Bb7 12. Rc1 h6 13. e3 Bd6 14. Nce1 e5 15. Rxc6 Bxc6 16. dxe5 Ne4 17. exd6 Qxd6 18. Qc2 b4 19. Bc1 Bd5 20. Nd4 Rfe8 21. Nd3 Rbc8 22. Nf4 Ba8 23. b3 c5 24. Nf5 Qf6 25. g4 g6 26. Bb2 Nc3 27. Nxh6+ Kh7 28. Bxa8 Rxa8 29. h4 Rad8 30. g5 Qe7 31. Ng4 Rh8 32. Bxc3 bxc3 33. Qxc3 Kg8 34. Nf6+ Kf8 35. N6d5 1-0

[Event "Sardinia World Festival-A 2024"]
[Site "Orosei"]
[Date "2024.05.02"]
[Round "7.27"]
[White "Krawczyk, Flawian"]
[Black "Kilic, Eray"]
[Result "0-1"]
[WhiteElo "2315"]
[BlackElo "2429"]
[Annotator "TA"]
[PlyCount "70"]
[EventDate "2024.04.26"]
[EventType "swiss"]
[EventCountry "ITA"]
[SourceTitle "playchess.com"]
[Source "ChessBase"]
[SourceQuality "1"]

1. e4 c5 2. Nf3 d6 3. d4 cxd4 4. Nxd4 Nf6 5. Nc3 a6 6. h3 e5 7. Nb3 Be7 8. Be3 h6 9. Qf3 b5 10. a3 Nbd7 11. g4 Nb6 12. Rg1 Na4 13. Nxa4 bxa4 14. Nd2 Bb7 15. Bd3 Rc8 16. Qe2 Qa5 17. c3 Nd7 18. g5 hxg5 19. Bxg5 Bxg5 20. Rxg5 Rxh3 21. Qf1 Rh7 22. Nc4 Qc7 23. O-O-O Kf8 24. f4 Rh4 25. Qg2 Nc5 26. Ne3 Ne6 27. Nf5 Nxf4 28. Qg1 Bxe4 29. Rxg7 Nxd3+ 30. Rxd3 Bxf5 31. Rf3 Be6 32. Qg6 Rf4 33. Qg5 Ke8 34. Rd3 Rf1+ 35. Kd2 Qb6 0-1

[Event "Sardinia World Festival-A 2024"]
[Site "Orosei"]
[Date "2024.05.02"]
[Round "7.28"]
[White "Aghayev, Miragha"]
[Black "Perossa, Nicolas"]
[Result "0-1"]
[WhiteElo "2424"]
[BlackElo "2269"]
[Annotator "RC"]
[PlyCount "110"]
[EventDate "2024.04.26"]
[EventType "swiss"]
[EventCountry "ITA"]
[SourceTitle "playchess.com"]
[Source "ChessBase"]
[SourceQuality "1"]

1. e4 e5 2. Nf3 Nc6 3. Bb5 Nf6 4. d3 Bc5 5. Ba4 O-O 6. O-O d6 7. c3 Bb6 8. Nbd2 Ne7 9. Nc4 Ng6 10. h3 c6 11. Nxb6 axb6 12. Re1 h6 13. d4 b5 14. Bc2 Re8 15. a3 Qc7 16. dxe5 dxe5 17. Nh2 Be6 18. Be3 Qe7 19. Qf3 Nh4 20. Qg3 Ng6 21. Ng4 Nxg4 22. hxg4 f6 23. f3 Qf7 24. Qf2 Nf8 25. Bb6 Nd7 26. Rad1 Nxb6 27. Qxb6 Qe7 28. Rd2 Red8 29. Red1 Rxd2 30. Rxd2 Ra6 31. Qd8+ Qxd8 32. Rxd8+ Kf7 33. Rb8 Ra7 34. Kf2 Ke7 35. Rh8 Kd6 36. Ke3 b6 37. Bd3 Rd7 38. Ra8 Kc7 39. g3 Re7 40. a4 Kb7 41. Rf8 bxa4 42. c4 Rd7 43. Re8 Bf7 44. Rf8 Be6 45. Re8 Bf7 46. Rf8 c5 47. Ke2 b5 48. cxb5 c4 49. Bb1 c3 50. bxc3 Bc4+ 51. Ke3 a3 52. Re8 Rd1 53. Bc2 Re1+ 54. Kd2 Re2+ 55. Kc1 a2 0-1

[Event "Sardinia World Festival-A 2024"]
[Site "Orosei"]
[Date "2024.05.02"]
[Round "7.29"]
[White "Kanyamarala, Tarun"]
[Black "Yankelevich, Lev"]
[Result "1/2-1/2"]
[WhiteElo "2293"]
[BlackElo "2413"]
[Annotator "TA"]
[PlyCount "30"]
[EventDate "2024.04.26"]
[EventType "swiss"]
[EventCountry "ITA"]
[SourceTitle "playchess.com"]
[Source "ChessBase"]
[SourceQuality "1"]

1. d4 Nf6 2. c4 e6 3. Nc3 Bb4 4. e3 b6 5. Nge2 Ne4 6. Qc2 Bb7 7. a3 Bxc3+ 8. Nxc3 Nxc3 9. Qxc3 O-O 10. b3 a5 11. Bb2 Qf6 12. f3 Qh4+ 13. g3 Qh6 14. Bg2 f5 15. O-O d6 1/2-1/2